República Dominicana: Estimación de la mortalidad basada en la Encuesta Nacional de Fecundidad, 1975

Guardado en:
Bibliografiske detaljer
Hovedforfatter: Guzmán M, José Miguel
Format: Texto
Udgivet: San José: CELADE
Fag:
Tags: Tilføj Tag
Ingen Tags, Vær først til at tagge denne postø!

MARC

LEADER 00000 a a2200000 04500
001 16336
003
040
090 |a 013200  
100 |a Guzmán M, José Miguel  
245 |a República Dominicana: Estimación de la mortalidad basada en la Encuesta Nacional de Fecundidad, 1975  
260 |a San José:   |b CELADE  
300 |a 68 p.  
650 |a MORTALIDAD  
999 |c 5661  |d 5661